Bible Trivia #2 - Statistics

General Stats
  • This quiz has been taken 22 times
  • The average score is 8 of 12
Answer Stats
Question Answer % Correct
Which of these books were written by Luke the Physician? Acts
85%
Which is NOT one of the 10 Commandments given by God? Do not lie with a man as one does with a woman...
85%
Which of these books was authored by "major" prophet? Ezekiel
85%
What is the 1st and most important of the 10 Commandments? You shall have no other Gods before me...
85%
What was the reason God brought the flood on the Earth? The thoughts of man were continuously evil...
70%
What was the tree Adam and Eve were commanded not to eat from called? Tree of the knowledge of good and evil
70%
What is the longest Psalm? Psalm 119
65%
Who is considered to be the first Christian martyr? Stephen
55%
How many chapters are there in the book of Proverbs 31
50%
Which of these was NOT said by the Apostle Paul? Every good gift and every perfect gift is from above...
40%
What was the primary language the New Testament was first written in? Koine Greek
40%
Who penned the book of Revelation? John of Patmos
25%
No matching quizzes found
Score Distribution
Percent of People with Each Score
Percentile by Number Answered
Your Score History
You have not taken this quiz